[Event "Yaroslav the Wise op"]
[Site "Yaroslavl"]
[Date "2018.07.21"]
[Round "2"]
[White "Dolgov, Vitaliy"]
[Black "Chetverik, Maxim"]
[Result "0-1"]
[WhiteElo "1908"]
[BlackElo "2237"]
[PlyCount "92"]
[EventDate "2018.07.20"]
[EventType "swiss"]
[EventRounds "9"]
[EventCountry "RUS"]
[SourceTitle "CBM 186 Extra"]
[Source "ChessBase"]
[SourceDate "2018.08.24"]
[SourceVersion "1"]
[SourceVersionDate "2018.08.24"]
[SourceQuality "1"]

1. e4 Nf6 2. e5 Nd5 3. c4 Nb6 4. d4 d6 5. exd6 cxd6 6. Nc3 g6 7. Be3 Bg7 8. Rc1 0-0 9. b3 N6d7 10. d5 Na6 11. Nf3 Nf6 12. Be2 Nc5 13. 0-0 Nce4 14. Nxe4 Nxe4 15. Bd4 Bh6 16. Ra1 e5 17. dxe6 fxe6 18. Qc2 Nf6 19. Rad1 Qc7 20. Bxf6 Rxf6 21. Nd4 Bd7 22. Qe4 Re8 23. Bf3 b6 24. Qb7 Qxb7 25. Bxb7 Bf8 26. Bc6 Bxc6 27. Nxc6 a6 28. Rfe1 Kf7 29. Re2 b5 30. cxb5 axb5 31. Nd4 b4 32. Rc1 d5 33. Rc7+ Re7 34. Rc6 e5 35. Rxf6+ Kxf6 36. Nc2 Rc7 37. g3 d4 38. Ne1 Rc3 39. f4 exf4 40. gxf4 Kf5 41. Kg2 d3 42. Re5+ Kxf4 43. Rd5 Ke4 44. Rd8 Bc5 45. Re8+ Kd5 46. Rd8+ Bd6 0-1